[Event "Montcalm op"]
[Site "Quebec CAN"]
[Date "2016.01.10"]
[Round "5"]
[White "Dube, Daniel"]
[Black "Rodrigue-Lemieux, Shawn"]
[Result "1/2-1/2"]
[WhiteElo "1932"]
[BlackElo "2068"]
[PlyCount "92"]
[EventDate "2016.01.08"]
[EventType "swiss"]
[EventRounds "5"]
[EventCountry "CAN"]

1. e4 c6 2. d4 d5 3. Nc3 dxe4 4. Nxe4 Bf5 5. Ng3 Bg6 6. h4 h6 7. Nf3 Nd7 8. h5
Bh7 9. Bd3 Bxd3 10. Qxd3 e6 11. Bd2 Ngf6 12. O-O-O Bd6 13. Ne4 Nxe4 14. Qxe4
Nf6 15. Qe2 Qc7 16. Kb1 O-O-O 17. Ne5 Bxe5 18. dxe5 Nd5 19. c4 Ne7 20. Bc3 c5
21. g4 Nc6 22. Rd6 Rd7 23. Qe3 b6 24. Qe4 Kb7 25. b4 cxb4 26. Bxb4 f6 27. f4 a5
28. Ba3 fxe5 29. fxe5 Rxd6 30. exd6 Qf7 31. c5 bxc5 32. Bxc5 Rb8 33. Kc2 Qd7
34. Rf1 Ka8 35. Rb1 Rxb1 36. Kxb1 Kb8 37. Qf3 a4 38. Kc1 Ne5 39. Qe4 Nf7 40.
Qb4+ Kc8 41. Qe4 Nxd6 42. Qa8+ Kc7 43. Qa5+ Kb8 44. Qb6+ Nb7 45. Qa7+ Kc8 46.
Be3 Qc6+ 1/2-1/2

[Event "Mercredi 2016.01.05 ABCD"]
[Site "Montreal CAN"]
[Date "2016.01.06"]
[Round "1"]
[White "Lepine, Cedric"]
[Black "Rodrigue-Lemieux, Shawn"]
[Result "1/2-1/2"]
[WhiteElo "2078"]
[BlackElo "2078"]
[PlyCount "97"]
[EventDate "2016.01.06"]
[EventType "tourn"]
[EventRounds "5"]
[EventCountry "CAN"]

1. d4 d5 2. Bf4 Nf6 3. e3 e6 4. Bd3 c5 5. c3 Nc6 6. Nf3 Be7 7. Nbd2 O-O 8. O-O
b6 9. Ne5 Nxe5 10. dxe5 Nd7 11. Nf3 a5 12. e4 Bb7 13. exd5 Bxd5 14. Qc2 h6 15.
Be4 Bxe4 16. Qxe4 Qc7 17. Nd2 b5 18. c4 bxc4 19. Nxc4 Nb6 20. Rac1 Nd5 21. Bd2
Rfd8 22. f4 Nb4 23. f5 exf5 24. Qxf5 Bf8 25. Rc3 g6 26. Qe4 Ra6 27. Rh3 h5 28.
Be3 Qd7 29. Rhf3 Ra7 30. Rxf7 Qxf7 31. Rxf7 Kxf7 32. e6+ Kg8 33. Bg5 Rd1+ 34.
Kf2 Rd4 35. Qe2 Be7 36. Bd2 Nd3+ 37. Kg1 Ra6 38. b3 Nf4 39. Qe5 Nxe6 40. Qb8+
Nf8 41. Bc3 Rd1+ 42. Kf2 Re6 43. Nxa5 Bf6 44. Bxf6 Rxf6+ 45. Ke2 Rd7 46. Nc4
Re6+ 47. Kf2 Rf7+ 48. Kg3 g5 49. h3 1/2-1/2

[Event "Mercredi 2016.01.05 ABCD"]
[Site "Montreal CAN"]
[Date "2016.01.13"]
[Round "2"]
[White "Rodrigue-Lemieux, Shawn"]
[Black "Cloutier, Mathieu"]
[Result "1-0"]
[WhiteElo "2068"]
[BlackElo "2093"]
[PlyCount "55"]
[EventDate "2016.01.06"]
[EventType "tourn"]
[EventRounds "5"]
[EventCountry "CAN"]

1. e4 c5 2. Nf3 Nc6 3. Bb5 d6 4. O-O e5 5. b4 cxb4 6. d4 exd4 7. Qxd4 Qf6 8. e5
dxe5 9. Nxe5 Be7 10. Re1 Kf8 11. Nxc6 bxc6 12. Qxf6 Bxf6 13. Bxc6 Bb7 14. Bxb7
Rb8 15. Bf3 Bxa1 16. Bf4 Rd8 17. Bc7 Bf6 18. Bxd8 Bxd8 19. Re4 a5 20. a3 Nf6
21. Rd4 Bb6 22. Rd6 bxa3 23. Nxa3 Bc5 24. Rd8+ Ne8 25. Nc4 Ke7 26. Ra8 Rf8 27.
Nxa5 Nd6 28. Nc6+ 1-0

[Event "Mercredi 2016.01.05 ABCD"]
[Site "Montreal CAN"]
[Date "2016.01.20"]
[Round "3"]
[White "Tremblay, Alain"]
[Black "Rodrigue-Lemieux, Shawn"]
[Result "1/2-1/2"]
[WhiteElo "2171"]
[BlackElo "2068"]
[PlyCount "36"]
[EventDate "2016.01.06"]
[EventType "tourn"]
[EventRounds "5"]
[EventCountry "CAN"]

1. c4 e6 2. g3 Nf6 3. Bg2 d5 4. Nf3 Be7 5. b3 O-O 6. Bb2 c5 7. O-O b6 8. e3 Bb7
9. Nc3 Nc6 10. cxd5 exd5 11. d4 Rc8 12. dxc5 bxc5 13. Na4 Ba6 14. Re1 Nb4 15.
Ne5 Nd7 16. Bf1 Bxf1 17. Rxf1 Nxe5 18. Bxe5 d4 1/2-1/2

[Event "Mercredi 2016.01.05 ABCD"]
[Site "Montreal CAN"]
[Date "2016.01.27"]
[Round "4"]
[White "Rodrigue-Lemieux, Shawn"]
[Black "Boudreau, Daniel"]
[Result "1-0"]
[WhiteElo "2068"]
[BlackElo "2135"]
[PlyCount "81"]
[EventDate "2016.01.06"]
[EventType "tourn"]
[EventRounds "5"]
[EventCountry "CAN"]

1. e4 c5 2. Nf3 Nc6 3. Bb5 Nf6 4. Nc3 g6 5. O-O Bg7 6. Re1 O-O 7. d3 a6 8. Bxc6
dxc6 9. Be3 Nd7 10. Qd2 Re8 11. a4 Qa5 12. h3 e5 13. Ne2 Qc7 14. a5 Qd6 15. Bh6
Bh8 16. Qc3 Nf8 17. Bxf8 Rxf8 18. Nd2 Be6 19. Nc4 Bxc4 20. Qxc4 Bf6 21. Ra3 Bg5
22. Nc3 Qd4 23. Ra4 Rab8 24. Qb3 Qd6 25. Rc4 Bd8 26. Qa3 b6 27. axb6 Rxb6 28.
Qxc5 Qxc5 29. Rxc5 Be7 30. Rxe5 Bd6 31. Ra5 Rxb2 32. Rxa6 Bb4 33. Na4 Rxc2 34.
Rb1 c5 35. Rc6 Rd8 36. Rxb4 Rxd3 37. Rxc5 Ra2 38. Rd5 Rda3 39. Nc5 Ra1+ 40. Kh2
R3a2 41. Nd3 1-0

[Event "Mercredi 2016.01.05 ABCD"]
[Site "Montreal CAN"]
[Date "2016.02.03"]
[Round "5"]
[White "Lopez Linares, Lizandro"]
[Black "Rodrigue-Lemieux, Shawn"]
[Result "1-0"]
[WhiteElo "2226"]
[BlackElo "2068"]
[PlyCount "61"]
[EventDate "2016.01.06"]
[EventType "tourn"]
[EventRounds "5"]
[EventCountry "CAN"]

1. Nf3 Nf6 2. d4 d5 3. c4 e6 4. Nc3 Be7 5. Bg5 O-O 6. e3 Ne4 7. Bxe7 Qxe7 8.
cxd5 Nxc3 9. bxc3 exd5 10. Bd3 Bg4 11. Qb3 Bxf3 12. gxf3 c6 13. O-O Qg5+ 14.
Kh1 Qh5 15. Be2 b6 16. Rg1 Nd7 17. Rg3 Kh8 18. Rag1 Rg8 19. Qa4 b5 20. Qa6 Nb6
21. Qb7 g6 22. Qxf7 Rg7 23. Qe6 Rc8 24. Bd3 Qh4 25. Bxg6 Rcg8 26. Bf5 Rxg3 27.
Rxg3 Rxg3 28. fxg3 Qd8 29. Qf7 Qg8 30. Qf6+ Qg7 31. Qxc6 1-0

[Event "Pere Noel"]
[Site "Montreal CAN"]
[Date "2015.12.26"]
[Round "1.15"]
[White "Rodrigue-Lemieux, Shawn"]
[Black "Villeneuve, Benoit"]
[Result "1-0"]
[WhiteElo "2054"]
[BlackElo "1742"]
[PlyCount "63"]
[EventDate "2015.12.26"]
[EventType "swiss"]
[EventRounds "5"]
[EventCountry "CAN"]

1. e4 e5 2. Nf3 Nc6 3. Bc4 Be7 4. O-O Nf6 5. Re1 O-O 6. Nc3 d6 7. h3 Na5 8. Bf1
b6 9. d4 Nc6 10. Bb5 Nxd4 11. Nxd4 exd4 12. Qxd4 Bb7 13. Bf4 a6 14. Bf1 Nh5 15.
Bh2 Bf6 16. Qd2 g6 17. Rad1 Re8 18. g4 Ng7 19. Bg2 Rb8 20. e5 Bg5 21. f4 Bh4
22. Re2 Bxg2 23. Kxg2 dxe5 24. Qc1 Qc8 25. fxe5 Qb7+ 26. Ne4 f5 27. Qh6 Be7 28.
gxf5 gxf5 29. Kh1 fxe4 30. Rg2 Bf8 31. Rd7 c5 32. Rgxg7+ 1-0

[Event "Pere Noel"]
[Site "Montreal CAN"]
[Date "2015.12.27"]
[Round "2.3"]
[White "Yu, Zong Yang"]
[Black "Rodrigue-Lemieux, Shawn"]
[Result "1-0"]
[WhiteElo "2383"]
[BlackElo "2054"]
[PlyCount "113"]
[EventDate "2015.12.26"]
[EventType "swiss"]
[EventRounds "5"]
[EventCountry "CAN"]

1. d4 d5 2. c4 e6 3. Nc3 Nf6 4. Bg5 Be7 5. e3 O-O 6. cxd5 exd5 7. Bd3 Nbd7 8.
Nge2 Re8 9. Qc2 Nf8 10. O-O-O c6 11. h3 b5 12. g4 Qa5 13. Kb1 Ba6 14. Nc1 b4
15. Na4 Bxd3 16. Nxd3 Ne6 17. Bxf6 Bxf6 18. Rc1 Rac8 19. Nac5 Be7 20. h4 Nxc5
21. Nxc5 Bxc5 22. Qxc5 Qxc5 23. Rxc5 Re4 24. Rg1 Kf8 25. Kc2 Ke7 26. Kb3 f5 27.
gxf5 Kf6 28. Rh1 Kxf5 29. Rh3 Rc7 30. Rc1 a5 31. Ka4 Re8 32. h5 Ke4 33. Rh4+
Kd3 34. Rf4 Rb8 35. Rc5 g6 36. h6 Kd2 37. Rf6 Ke2 38. b3 Rb6 39. Kxa5 Rb8 40.
Rcxc6 Rxc6 41. Rxc6 Kxf2 42. Rd6 Kxe3 43. Rxd5 Rb7 44. Rd8 g5 45. d5 Kd4 46.
Rg8 Kc5 47. Rg7 Rb5+ 48. Ka4 Rb8 49. Rc7+ Kxd5 50. Rxh7 Kc5 51. Rc7+ Kb6 52.
Rg7 Ra8+ 53. Kxb4 Rxa2 54. Rxg5 Ra8 55. Rg6+ Kc7 56. Kb5 Kd7 57. b4 1-0

[Event "Pere Noel"]
[Site "Montreal CAN"]
[Date "2015.12.28"]
[Round "3.11"]
[White "Rodrigue-Lemieux, Shawn"]
[Black "Hollander, Michael"]
[Result "1-0"]
[WhiteElo "2054"]
[BlackElo "1808"]
[PlyCount "61"]
[EventDate "2015.12.26"]
[EventType "swiss"]
[EventRounds "5"]
[EventCountry "CAN"]

1. e4 e6 2. d4 d5 3. Nd2 Nf6 4. e5 Nfd7 5. f4 c5 6. c3 b6 7. Ngf3 Ba6 8. Bxa6
Nxa6 9. O-O Be7 10. Kh1 O-O 11. a3 Nc7 12. Rf2 f6 13. Qe2 fxe5 14. fxe5 Qe8 15.
Nf1 Qg6 16. Ng3 c4 17. Qc2 Qxc2 18. Rxc2 h6 19. h4 Kh7 20. h5 Rf7 21. Be3 Rg8
22. Rf1 Nf8 23. Ng5+ Bxg5 24. Rxf7 Bxe3 25. Rxc7 Kh8 26. Rxa7 g6 27. Rf7 Nh7
28. Re2 Bc1 29. Rb7 Bf4 30. hxg6 Nf8 31. g7+ 1-0

[Event "Pere Noel"]
[Site "Montreal CAN"]
[Date "2015.12.29"]
[Round "4.7"]
[White "Prahov, Valentin"]
[Black "Rodrigue-Lemieux, Shawn"]
[Result "0-1"]
[WhiteElo "2222"]
[BlackElo "2054"]
[PlyCount "82"]
[EventDate "2015.12.26"]
[EventType "swiss"]
[EventRounds "5"]
[EventCountry "CAN"]

1. e4 c6 2. d4 d5 3. exd5 cxd5 4. Bd3 Nf6 5. c3 Nc6 6. Bf4 Bg4 7. Qb3 Qd7 8.
Nd2 e6 9. Ngf3 Bd6 10. Bxd6 Qxd6 11. Qxb7 O-O 12. Qb3 Rab8 13. Qc2 Rfc8 14. a3
e5 15. dxe5 Nxe5 16. Nxe5 Qxe5+ 17. Kf1 d4 18. c4 Nd5 19. Bxh7+ Kh8 20. Qe4
Qxe4 21. Bxe4 Nf6 22. b4 Nxe4 23. Nxe4 Rxc4 24. f3 Bh5 25. Kf2 f5 26. Nc5 Rc2+
27. Kg3 g5 28. h4 f4+ 29. Kh3 g4+ 30. fxg4 Rg8 31. g5 Re8 32. Rhe1 Re3+ 33.
Rxe3 fxe3 34. g4 Bf7 35. Kg3 Bd5 36. Kf4 Rf2+ 37. Ke5 Bc4 38. Ne4 Rf1 39. Rxf1
Bxf1 40. Ng3 d3 41. Nxf1 e2 0-1

[Event "Pere Noel"]
[Site "Montreal CAN"]
[Date "2015.12.30"]
[Round "5.5"]
[White "Gachet, Sebastien"]
[Black "Rodrigue-Lemieux, Shawn"]
[Result "1-0"]
[WhiteElo "2317"]
[BlackElo "2054"]
[PlyCount "111"]
[EventDate "2015.12.26"]
[EventType "swiss"]
[EventRounds "5"]
[EventCountry "CAN"]

1. e4 c6 2. d4 d5 3. e5 Bf5 4. Nc3 e6 5. g4 Bg6 6. Nge2 c5 7. h4 h6 8. h5 Bh7
9. Be3 Nd7 10. f4 Ne7 11. dxc5 Nc6 12. Bg2 Bxc5 13. Bxc5 Nxc5 14. Nb5 Qa5+ 15.
Nec3 O-O 16. Qd2 Rfd8 17. Nd4 Nxd4 18. Qxd4 Ne4 19. Bxe4 Bxe4 20. Rh2 Rac8 21.
Qd2 Bxc2 22. Qxc2 d4 23. Qa4 Qxa4 24. Nxa4 b5 25. Kd2 bxa4 26. Rc1 Rxc1 27.
Kxc1 d3 28. Kd2 f6 29. Rh3 fxe5 30. fxe5 Rb8 31. Kc3 d2 32. Rd3 Rb5 33. Rxd2
Rxe5 34. Rd4 Rc5+ 35. Kb4 Rc7 36. Kxa4 Kf7 37. b4 Kf6 38. Kb5 Ke5 39. Rc4 Rxc4
40. Kxc4 Kf4 41. b5 e5 42. Kd3 Kf3 43. Kd2 Ke4 44. Kc3 Kd5 45. Kd3 Kc5 46. Ke4
Kxb5 47. Kxe5 Kb4 48. Ke6 Ka3 49. Kf7 Kxa2 50. Kxg7 a5 51. Kxh6 a4 52. g5 a3
53. g6 Kb1 54. g7 a2 55. g8=Q a1=Q 56. Qg1+ 1-0

[Event "Mercredi 2015.11.18"]
[Site "Montreal CAN"]
[Date "2015.11.18"]
[Round "1"]
[White "Lopez Linares, Lizandro"]
[Black "Rodrigue-Lemieux, Shawn"]
[Result "1-0"]
[WhiteElo "2147"]
[BlackElo "2055"]
[PlyCount "71"]
[EventDate "2015.11.18"]
[EventType "tourn"]
[EventRounds "5"]
[EventCountry "CAN"]

1. Nf3 d5 2. c4 Nf6 3. e3 e6 4. Nc3 Be7 5. d4 O-O 6. Bd3 dxc4 7. Bxc4 Nbd7 8.
O-O c5 9. Qe2 Nb6 10. Bb3 cxd4 11. exd4 Bd7 12. Ne5 Rc8 13. Rd1 Bc6 14. Rd3
Nbd5 15. Rg3 Kh8 16. Rh3 Qb6 17. Be3 Nxe3 18. fxe3 Be4 19. Nxe4 Nxe4 20. Nd7
Qd6 21. Nxf8 Rxf8 22. Rc1 Ng5 23. Rg3 Ne4 24. Rf3 Ng5 25. Rff1 Ne4 26. Bc2 Nf6
27. Qd3 g6 28. Bd1 e5 29. Bf3 b6 30. Rc6 Qd7 31. Rfc1 exd4 32. Qxd4 Qf5 33. Qf4
Bc5 34. R1xc5 Qxf4 35. exf4 bxc5 36. Rxf6 1-0

[Event "Mercredi 2015.11.18"]
[Site "Montreal CAN"]
[Date "2015.12.09"]
[Round "4"]
[White "Rodrigue-Lemieux, Shawn"]
[Black "Have, Didier"]
[Result "1-0"]
[WhiteElo "2055"]
[BlackElo "2096"]
[PlyCount "99"]
[EventDate "2015.11.18"]
[EventType "tourn"]
[EventRounds "5"]
[EventCountry "CAN"]

1. e4 d5 2. exd5 Nf6 3. Bb5+ Nbd7 4. c4 a6 5. Ba4 b5 6. cxb5 Nxd5 7. Nc3 N5b6
8. Bc2 e6 9. Nge2 axb5 10. Nxb5 Ba6 11. Nbc3 c5 12. O-O Bd6 13. Re1 O-O 14. d4
cxd4 15. Nxd4 Nf6 16. Bg5 Bb7 17. Qd3 g6 18. Rad1 Be7 19. Qh3 Nbd5 20. Nxe6 Qa5
21. Nxd5 Nxd5 22. Nxf8 Bxf8 23. Qd7 Ra7 24. Qd8 Qxd8 25. Bxd8 Nb4 26. Bb3 Bc6
27. a3 Na6 28. Bd5 Bxd5 29. Rxd5 Nc5 30. Bg5 Ne6 31. Bf6 Ra8 32. Bc3 Nf4 33.
Ra5 Rc8 34. g3 Ne6 35. Rb5 Bxa3 36. bxa3 Rxc3 37. Re3 Rc1+ 38. Kg2 Ra1 39. Ra5
Nd4 40. a4 Ra2 41. Ra8+ Kg7 42. a5 Nb5 43. Re7 Kf6 44. Rb7 Nd4 45. a6 Kg7 46.
a7 Nc6 47. Rc7 Ne5 48. Rd8 Ng4 49. a8=Q Rxf2+ 50. Kg1 1-0

[Event "Mercredi 2015.11.18"]
[Site "Montreal CAN"]
[Date "2015.12.16"]
[Round "5"]
[White "Tremblay, Alain"]
[Black "Rodrigue-Lemieux, Shawn"]
[Result "1-0"]
[WhiteElo "2100"]
[BlackElo "2055"]
[PlyCount "73"]
[EventDate "2015.11.18"]
[EventType "tourn"]
[EventRounds "5"]
[EventCountry "CAN"]

1. Nf3 Nf6 2. g3 d5 3. Bg2 e6 4. O-O Be7 5. d3 O-O 6. Nbd2 b6 7. e4 Bb7 8. e5
Nfd7 9. h4 c5 10. Re1 Nc6 11. c3 Qc7 12. Qe2 Rae8 13. Nf1 Kh8 14. Bf4 Qd8 15.
Bh3 Bc8 16. N1h2 f6 17. Ng4 fxe5 18. Ngxe5 Ncxe5 19. Bxe5 Nxe5 20. Nxe5 Bf6 21.
Qh5 Bxe5 22. Rxe5 Qf6 23. f4 Bd7 24. Rae1 Re7 25. Qg5 Kg8 26. Qg4 a5 27. Qe2
Rfe8 28. f5 Kf7 29. fxe6+ Bxe6 30. Rf1 Bxh3 31. Qh5+ Kf8 32. Rxf6+ gxf6 33.
Qh6+ Kg8 34. Rxe7 Rxe7 35. Qxf6 Rd7 36. Kh2 Bg4 37. Qg5+ 1-0

[Event "Varennes op"]
[Site "Varennes CAN"]
[Date "2015.11.08"]
[Round "2.6"]
[White "Chabot, Roland"]
[Black "Rodrigue-Lemieux, Shawn"]
[Result "1/2-1/2"]
[WhiteElo "2185"]
[BlackElo "2013"]
[PlyCount "73"]
[EventDate "2015.11.07"]
[EventType "swiss"]
[EventRounds "5"]
[EventCountry "CAN"]

1. Nf3 Nf6 2. c4 e6 3. g3 d5 4. Bg2 Be7 5. O-O O-O 6. b3 c5 7. Bb2 Nc6 8. e3
Qc7 9. Nc3 Rd8 10. cxd5 exd5 11. d4 Bg4 12. Rc1 cxd4 13. exd4 Qb6 14. Na4 Qa6
15. a3 Ne4 16. h3 Bh5 17. g4 Bg6 18. Re1 Rac8 19. Bf1 b5 20. Nc5 Qb6 21. b4 a5
22. Qb3 axb4 23. axb4 Ng5 24. Nxg5 Bxg5 25. Rcd1 h5 26. Bg2 hxg4 27. hxg4 Qc7
28. Bxd5 Nxb4 29. Be4 Bxe4 30. Nxe4 Be7 31. Qg3 Qxg3+ 32. Nxg3 Bg5 33. d5 Rxd5
34. Rxd5 Nxd5 35. Re5 Bf6 36. Rxd5 Bxb2 37. Rxb5 1/2-1/2

[Event "Varennes op"]
[Site "Varennes CAN"]
[Date "2015.11.08"]
[Round "3.7"]
[White "Rodrigue-Lemieux, Shawn"]
[Black "Luksza, Arkadiusz"]
[Result "1/2-1/2"]
[WhiteElo "2013"]
[BlackElo "2242"]
[PlyCount "121"]
[EventDate "2015.11.07"]
[EventType "swiss"]
[EventRounds "5"]
[EventCountry "CAN"]

1. e4 c6 2. d4 d5 3. Nc3 dxe4 4. Nxe4 Bf5 5. Ng3 Bg6 6. Nf3 Nd7 7. h4 h6 8. h5
Bh7 9. Bd3 Bxd3 10. Qxd3 e6 11. Bf4 Qa5+ 12. Bd2 Bb4 13. c3 Be7 14. c4 Qc7 15.
O-O Ngf6 16. Rfe1 O-O 17. Rac1 Bd6 18. d5 exd5 19. cxd5 Nxd5 20. Nf5 N7f6 21.
N3d4 Bf4 22. g3 Bxd2 23. Qxd2 Qd7 24. Re5 Rfe8 25. f4 Rxe5 26. fxe5 Ne4 27. Qe2
Ng5 28. Qg4 Qc7 29. Re1 Rd8 30. e6 Nf6 31. Qe2 fxe6 32. Nxe6 Nxe6 33. Qxe6+ Kh8
34. Re3 Qd7 35. Qxd7 Rxd7 36. Re7 Rxe7 37. Nxe7 Nxh5 38. Kf2 Nf6 39. a4 a5 40.
Kf3 g5 41. Nf5 Kh7 42. Nd4 Kg6 43. g4 h5 44. gxh5+ Kxh5 45. Ne6 Nd7 46. Kg3 b5
47. axb5 cxb5 48. Nd4 b4 49. Nc6 b3 50. Nxa5 Nc5 51. Nc4 Kg6 52. Kg4 Kf6 53.
Nd2 Kg6 54. Nc4 Kf6 55. Nd2 Kg6 56. Nc4 Nd3 57. Nd2 Nxb2 58. Nxb3 Nc4 59. Nd4
Ne5+ 60. Kg3 Kf6 61. Nf3 1/2-1/2

[Event "Varennes op"]
[Site "Varennes CAN"]
[Date "2015.11.08"]
[Round "4.6"]
[White "Bolduc, Steve"]
[Black "Rodrigue-Lemieux, Shawn"]
[Result "1/2-1/2"]
[WhiteElo "2310"]
[BlackElo "2013"]
[PlyCount "65"]
[EventDate "2015.11.07"]
[EventType "swiss"]
[EventRounds "5"]
[EventCountry "CAN"]

1. d4 d5 2. c4 e6 3. Nc3 Nf6 4. cxd5 exd5 5. Bg5 Be7 6. Qc2 O-O 7. e3 Nbd7 8.
Bd3 Re8 9. Nf3 Nf8 10. h3 h6 11. Bf4 c6 12. O-O Be6 13. Rab1 Bd6 14. Bxd6 Qxd6
15. b4 N8d7 16. Rfc1 Rac8 17. a4 b6 18. Ba6 Rb8 19. Bd3 Rbc8 20. Qb2 g5 21. Qc2
Kh8 22. e4 dxe4 23. Nxe4 Nxe4 24. Bxe4 Nf6 25. Bf5 Nd5 26. Bxe6 Qxe6 27. Re1
Qf6 28. Re5 Nf4 29. Qe4 Red8 30. Re1 Kg7 31. Re7 a5 32. bxa5 bxa5 33. Rb1
1/2-1/2

[Event "Varennes op"]
[Site "Varennes CAN"]
[Date "2015.11.09"]
[Round "5.7"]
[White "Rodrigue-Lemieux, Shawn"]
[Black "Libersan, Thierry"]
[Result "1/2-1/2"]
[WhiteElo "2013"]
[BlackElo "2122"]
[PlyCount "26"]
[EventDate "2015.11.07"]
[EventType "swiss"]
[EventRounds "5"]
[EventCountry "CAN"]

1. c4 Nf6 2. Nf3 d6 3. g3 g6 4. Bg2 Bg7 5. d4 O-O 6. O-O Nbd7 7. Nc3 c6 8. e4
e5 9. dxe5 dxe5 10. b3 Re8 11. Bb2 Qc7 12. Qe2 Nc5 13. Rad1 Bg4 1/2-1/2

[Event "Wch-U12"]
[Site "Porto Carras GRE"]
[Date "2015.10.25"]
[Round "1"]
[White "Rodrigue-Lemieux, Shawn"]
[Black "Ognean, Mihnea Ionut"]
[Result "0-1"]
[WhiteElo "1753"]
[BlackElo "2195"]
[PlyCount "108"]
[EventDate "2015.10.25"]
[EventType "swiss"]
[EventRounds "11"]
[EventCountry "GRE"]
[Source "Chessbase"]
[SourceDate "2015.11.12"]

1. e4 c5 2. Nf3 g6 3. Nc3 Bg7 4. d4 cxd4 5. Nxd4 Nc6 6. Be3 Nf6 7. Be2 O-O 8.
O-O d5 9. exd5 Nb4 10. Nb3 Nbxd5 11. Nxd5 Nxd5 12. Bd4 Nf4 13. Bf3 Qc7 14. Bxg7
Kxg7 15. Qd4+ f6 16. Rfe1 e5 17. Qc5 Qf7 18. Rad1 Be6 19. Qb5 Rab8 20. Nc5 a6
21. Qb6 Rfc8 22. Nxe6+ Nxe6 23. Bd5 Re8 24. Bb3 Qe7 25. Rd6 Nf4 26. Red1 Ne2+
27. Kh1 Nd4 28. c3 Rbd8 29. Rxd8 Rxd8 30. cxd4 exd4 31. Qe6 Qc7 32. h3 d3 33.
Qc4 Qd7 34. Rd2 Qf5 35. Qc7+ Rd7 36. Qc8 a5 37. Qg8+ Kh6 38. Qe6 Qb5 39. Qc4
Qe5 40. Rxd3 Rc7 41. Qd4 Rc1+ 42. Rd1 Qxd4 43. Rxc1 Qxb2 44. Rc2 Qb1+ 45. Kh2
b5 46. Rc5 Qd3 47. Rc6 a4 48. Bg8 Qd4 49. f3 b4 50. Rc4 Qd6+ 51. Kh1 Kg7 52.
Rc8 Qd1+ 53. Kh2 Qd7 54. Ra8 Qc6 0-1

[Event "Ligue elite du dimanche"]
[Site "Montreal CAN"]
[Date "2015.09.20"]
[Round "1"]
[White "Zhu, Hong Rui"]
[Black "Rodrigue-Lemieux, Shawn"]
[Result "1-0"]
[WhiteElo "2292"]
[BlackElo "2004"]
[PlyCount "59"]
[EventDate "2015.09.20"]
[EventType "team"]
[EventRounds "5"]
[EventCountry "CAN"]

1. e4 c6 2. d4 d5 3. exd5 cxd5 4. Bd3 Nf6 5. c3 Bg4 6. Qb3 Qc7 7. Ne2 Bxe2 8.
Bxe2 Nbd7 9. Bg5 e6 10. Nd2 Bd6 11. Bh4 O-O 12. Bg3 e5 13. dxe5 Nxe5 14. O-O
Rad8 15. Rad1 Ne4 16. Qxd5 Nxd2 17. Qxd2 Nf3+ 18. Bxf3 Bxg3 19. Qe3 Bxh2+ 20.
Kh1 Rde8 21. Qg5 Re6 22. g3 Rg6 23. Qe3 Bxg3 24. fxg3 Qxg3 25. Rf2 Re6 26. Qd2
Rd6 27. Qxd6 Qxf2 28. Bd5 Qxb2 29. Rf1 g6 30. Qf6 1-0

[Event "Ligue elite du dimanche"]
[Site "Montreal CAN"]
[Date "2015.09.27"]
[Round "2"]
[White "Rodrigue-Lemieux, Shawn"]
[Black "Sprumont, Oscar"]
[Result "1-0"]
[WhiteElo "1983"]
[BlackElo "2183"]
[PlyCount "141"]
[EventDate "2015.09.20"]
[EventType "team"]
[EventRounds "5"]
[EventCountry "CAN"]

1. e4 e6 2. Ne2 d5 3. exd5 exd5 4. d4 Bd6 5. g3 Bf5 6. Bg2 c6 7. O-O Ne7 8. c4
dxc4 9. Nbc3 O-O 10. Re1 Nd7 11. Bg5 f6 12. Bf4 Nb6 13. d5 Be5 14. Bxe5 fxe5
15. dxc6 Nxc6 16. Nd5 Bg4 17. h3 Bf3 18. Bxf3 Rxf3 19. Ne3 Qf8 20. Rf1 Rd8 21.
Qc2 Nd4 22. Nxd4 exd4 23. Nxc4 d3 24. Qb3 Qf7 25. Nd2 Qxb3 26. axb3 Rf7 27.
Rxa7 Rc7 28. f4 Re8 29. Rf2 Ree7 30. Ra5 Rc1+ 31. Kg2 Rce1 32. Rb5 R1e2 33.
Rxb6 Rxf2+ 34. Kxf2 Re2+ 35. Kf3 Rxd2 36. Rd6 Kf7 37. h4 Ke7 38. Rd4 h5 39. Ke4
Re2+ 40. Kxd3 Rg2 41. Re4+ Kf6 42. Re3 Rxb2 43. Ke4 Rd2 44. Kf3 Rb2 45. Rc3 Ke6
46. Ke4 Rb1 47. Kd4 Kd6 48. Kc4 Kc7 49. Kd5+ Kd7 50. Ke5 Rd1 51. Kf5 Rd6 52.
Kg5 Rh6 53. f5 Kd6 54. Rc8 Ke5 55. Rc7 Rb6 56. Re7+ Kd5 57. Rxg7 Rxb3 58. f6
Ke6 59. Re7+ Kd6 60. Kxh5 Rxg3 61. Rg7 Rf3 62. Kg5 b5 63. h5 b4 64. h6 b3 65.
Rb7 Ke6 66. h7 Rh3 67. Rxb3 Rxh7 68. Rb6+ Ke5 69. Kg6 Rh1 70. f7 Rg1+ 71. Kh7
1-0

[Event "Ligue elite du dimanche"]
[Site "Montreal CAN"]
[Date "2015.10.04"]
[Round "3"]
[White "Fan, Run Kun"]
[Black "Rodrigue-Lemieux, Shawn"]
[Result "1-0"]
[WhiteElo "2054"]
[BlackElo "2013"]
[PlyCount "81"]
[EventDate "2015.09.20"]
[EventType "team"]
[EventRounds "5"]
[EventCountry "CAN"]

1. Nf3 b6 2. g3 Bb7 3. d4 e6 4. Bg2 Nf6 5. O-O d5 6. c4 Bd6 7. b3 O-O 8. Bb2
Nbd7 9. Nbd2 c5 10. Rc1 Rc8 11. e3 Re8 12. Ne5 cxd4 13. exd4 Bxe5 14. dxe5 Ne4
15. cxd5 exd5 16. Rxc8 Qxc8 17. Nxe4 dxe4 18. Bh3 Bc6 19. Qg4 Re6 20. Qf4 Rh6
21. Bg4 Qe8 22. Rd1 Nc5 23. e6 Nxe6 24. Qe5 Qf8 25. Rd6 Be8 26. Bxe6 fxe6 27.
Rxe6 Bg6 28. Re7 Bf7 29. Qxe4 Qd8 30. Qd4 Qxd4 31. Bxd4 Rc6 32. Be3 a5 33. Rb7
Bd5 34. Rxb6 Rc2 35. Rb8+ Kf7 36. Rb5 Be4 37. Rxa5 Rb2 38. Kf1 Rb1+ 39. Ke2
Rb2+ 40. Kd1 Rb1+ 41. Kd2 1-0

[Event "Ligue elite du dimanche"]
[Site "Montreal CAN"]
[Date "2015.10.11"]
[Round "4"]
[White "Li, Yi Lin"]
[Black "Rodrigue-Lemieux, Shawn"]
[Result "1-0"]
[WhiteElo "1929"]
[BlackElo "1929"]
[Annotator "Lefong Hua"]
[PlyCount "83"]
[EventDate "2015.09.20"]
[EventType "team"]
[EventRounds "5"]
[EventCountry "CAN"]

1. Nf3 Nf6 2. d4 g6 3. c4 Bg7 4. Nc3 d6 5. e4 O-O 6. Be2 e5 7. O-O Nc6 8. d5
Ne7 9. Ne1 Nd7 10. Be3 f5 11. f3 Nf6 12. c5 f4 13. Bf2 g5 14. a4 h5 15. a5 g4
16. cxd6 cxd6 17. Nb5 gxf3 18. Bxf3 Bg4 19. Qd3 Bxf3 20. Nxf3 Nc8 21. Ng5 Qd7
22. Ne6 Ne7 23. Nxf8 Rxf8 24. Rac1 a6 25. Nc7 Qa4 26. Ne6 Rf7 27. Ng5 Rf8 28.
Rc7 Re8 29. Rxb7 Bh6 30. Bh4 Ng6 31. Nf7 Nxh4 32. Nxh6+ Kh8 33. Nf7+ Kg8 34. g3
Nd7 35. gxf4 Kxf7 36. fxe5+ Ke7 37. e6 Rd8 38. Rf7+ Ke8 39. Rbxd7 Rxd7 40.
exd7+ Kd8 41. Qc3 Qd1+ 42. Kf2 1-0

[Event "Ligue elite du dimanche"]
[Site "Montreal CAN"]
[Date "2015.11.14"]
[Round "6"]
[White "Sprumont, Oscar"]
[Black "Rodrigue-Lemieux, Shawn"]
[Result "1/2-1/2"]
[WhiteElo "2183"]
[BlackElo "2055"]
[PlyCount "66"]
[EventDate "2015.09.20"]
[EventType "team"]
[EventRounds "5"]
[EventCountry "CAN"]

1. Nf3 d5 2. c4 e6 3. g3 Nf6 4. Bg2 Be7 5. O-O O-O 6. d4 Ne4 7. Qc2 Nd7 8. Nbd2
Ndf6 9. Ne5 Nxd2 10. Bxd2 Bd6 11. Rac1 c6 12. Rfd1 Bxe5 13. dxe5 Nd7 14. cxd5
exd5 15. Bc3 Nb6 16. b3 Qe7 17. Rd2 Rd8 18. e4 Be6 19. Ba5 dxe4 20. Bxe4 h6 21.
Rcd1 Rxd2 22. Rxd2 Nd5 23. f4 b6 24. Bc3 Qc5+ 25. Bd4 Qxc2 26. Rxc2 c5 27. Bf2
Rd8 28. Rd2 g6 29. Rd3 Rd7 30. Kf1 Kf8 31. Ke1 Ke7 32. Kd2 Kd8 33. Kc1 Kc7
1/2-1/2